[Event "British Rapidplay"]
[Site "Peterborough"]
[Date "2025.03.02"]
[Round "10.57"]
[White "Barton, Ben"]
[Black "Brocklehurst, Andrew"]
[Result "1-0"]
[WhiteElo "1857"]
[BlackElo "1856"]
[PlyCount "107"]
[EventDate "2025.03.01"]
[EventType "swiss (rapid)"]
[EventRounds "11"]
[EventCountry "ENG"]
[SourceTitle "BritBase"]
[Source "John Saunders"]
[SourceDate "2025.03.03"]
[SourceVersion "1"]
[SourceVersionDate "2025.03.03"]
[SourceQuality "2"]

1. e4 c5 2. a3 e6 3. b4 cxb4 4. axb4 Bxb4 5. c3 Be7 6. d4 d6 7. Ba3 Nf6 8. Bd3 O-O 9. Nf3 Nc6 10. O-O e5 11. d5 Nb8 12. h3 Nbd7 13. Nbd2 b6 14. Bb5 Nc5 15. Bxc5 bxc5 16. Bc6 Rb8 17. Rxa7 Bd7 18. Qa4 Bxc6 19. dxc6 Rc8 20. Rb1 d5 21. Nxe5 dxe4 22. Nxe4 Nxe4 23. Qxe4 Bf6 24. Nd7 Re8 25. Nxf6+ Qxf6 26. Qd5 Rxc6 27. Rxf7 Qxf7 28. Qxc6 Qf8 29. Qd5+ Kh8 30. Ra1 h6 31. c4 Kh7 32. Qd3+ Kh8 33. Qc3 Re2 34. Rf1 Qe7 35. Qf3 Re4 36. Rb1 Re1+ 37. Rxe1 Qxe1+ 38. Kh2 Qe5+ 39. g3 Qd4 40. Qf8+ Kh7 41. Qf5+ Kh8 42. Qf8+ Kh7 43. Qf7 Qe4 44. g4 Qe5+ 45. Kg2 Qe4+ 46. Kg3 Qd3+ 47. f3 Qd4 48. Qf5+ Kh8 49. Qe4 Qg1+ 50. Kf4 Qh2+ 51. Kf5 Qd6 52. Qd5 Qf6+ 53. Ke4 g5 54. Qe5 1-0

[Event "British Rapidplay"]
[Site "Peterborough"]
[Date "2025.03.02"]
[Round "10.58"]
[White "Rughani, Mahin"]
[Black "Yu, Robin"]
[Result "1-0"]
[WhiteElo "1907"]
[BlackElo "1628"]
[PlyCount "31"]
[EventDate "2025.03.01"]
[EventType "swiss (rapid)"]
[EventRounds "11"]
[EventCountry "ENG"]
[SourceTitle "BritBase"]
[Source "John Saunders"]
[SourceDate "2025.03.03"]
[SourceVersion "1"]
[SourceVersionDate "2025.03.03"]
[SourceQuality "2"]

1. d4 d5 2. c4 c6 3. Nf3 Nf6 4. g3 e6 5. Bg2 Bd6 6. O-O O-O 7. Qc2 Nbd7 8. Nc3 e5 9. cxd5 cxd5 10. dxe5 Nxe5 11. Rd1 Be6 12. Bg5 Be7 13. Nxe5 Rc8 14. Qd2 Qa5 15. Nxd5 Qxd2 16. Nxe7+ 1-0

[Event "British Rapidplay"]
[Site "Peterborough"]
[Date "2025.03.02"]
[Round "10.59"]
[White "Jackson, Sheila"]
[Black "Takvorian, Sebouh"]
[Result "1-0"]
[WhiteElo "2031"]
[BlackElo "1802"]
[PlyCount "162"]
[EventDate "2025.03.01"]
[EventType "swiss (rapid)"]
[EventRounds "11"]
[EventCountry "ENG"]
[SourceTitle "BritBase"]
[Source "John Saunders"]
[SourceDate "2025.03.03"]
[SourceVersion "1"]
[SourceVersionDate "2025.03.03"]
[SourceQuality "2"]

1. e4 e6 2. d4 d5 3. Nd2 Nc6 4. Ngf3 Nf6 5. e5 Nd7 6. c3 f6 7. exf6 Qxf6 8. Be2 Bd6 9. O-O O-O 10. b4 e5 11. b5 Ne7 12. dxe5 Nxe5 13. Bb2 Qh6 14. Nxe5 Bxe5 15. g3 Bh3 16. Re1 Qb6 17. Nf3 Rad8 18. Nd4 Qf6 19. f3 Qg6 20. Kf2 Nf5 21. Nxf5 Qxf5 22. Qd3 Qf7 23. Rad1 c6 24. bxc6 bxc6 25. Ba3 Bc7 26. Bc5 Rfe8 27. Kg1 Bf5 28. Qd2 Qg6 29. Bf2 h5 30. Bd3 h4 31. Bxf5 Qxf5 32. Qd3 Rxe1+ 33. Bxe1 Qxd3 34. Rxd3 hxg3 35. hxg3 Re8 36. Kf1 Kf7 37. Bf2 Bb6 38. Rd2 Rh8 39. Kg2 Ke6 40. Bd4 Bxd4 41. cxd4 Kd6 42. Rb2 Re8 43. Kf2 Rh8 44. Ke3 Rc8 45. Rb7 Re8+ 46. Kd3 Re7 47. Rb2 c5 48. dxc5+ Kxc5 49. Rc2+ Kd6 50. Kd4 Rb7 51. f4 g6 52. Rh2 Rb4+ 53. Kc3 Rc4+ 54. Kb3 Re4 55. Rc2 Re3+ 56. Rc3 Re4 57. Rd3 Kc5 58. Kc3 d4+ 59. Kd2 Kc4 60. Ra3 Re7 61. Ra4+ Kc5 62. Ra6 Rg7 63. Kd3 Kb5 64. Rd6 a5 65. Rxd4 Rf7 66. Ke4 Kc5 67. Rd5+ Kb4 68. Rd6 Re7+ 69. Kf3 g5 70. f5 Re1 71. Rd2 Re5 72. Kg4 Kc3 73. Rf2 Rb5 74. Kxg5 a4 75. g4 a3 76. Rf3+ Kb2 77. Rf2+ Kc3 78. Kg6 Rb2 79. Rf3+ Kb4 80. f6 Rc2 81. f7 Rc6+ 1-0

[Event "British Rapidplay"]
[Site "Peterborough"]
[Date "2025.03.02"]
[Round "10.61"]
[White "Riddoch, Alan"]
[Black "Sasikumar, Srivathsan"]
[Result "0-1"]
[WhiteElo "1751"]
[BlackElo "1868"]
[PlyCount "100"]
[EventDate "2025.03.01"]
[EventType "swiss (rapid)"]
[EventRounds "11"]
[EventCountry "ENG"]
[SourceTitle "BritBase"]
[Source "John Saunders"]
[SourceDate "2025.03.03"]
[SourceVersion "1"]
[SourceVersionDate "2025.03.03"]
[SourceQuality "2"]

1. e4 c5 2. Nf3 Nc6 3. d4 cxd4 4. Nxd4 g6 5. Nc3 Bg7 6. Be3 Nf6 7. f3 O-O 8. Qd2 d5 9. Nxc6 bxc6 10. O-O-O e6 11. Bh6 Bb7 12. Bxg7 Kxg7 13. g4 dxe4 14. Qe3 Qb6 15. Qf4 Nd5 16. Nxd5 cxd5 17. fxe4 dxe4 18. h4 Rac8 19. h5 Qc7 20. h6+ Kg8 21. Qxc7 Rxc7 22. g5 Bd5 23. b3 Rc3 24. Rg1 Rfc8 25. Rd2 e3 26. Rh2 Be4 27. Kd1 Bf3+ 28. Kc1 e2 29. Bxe2 Rxc2+ 30. Kd1 Bxe2+ 31. Rxe2 Rc1+ 32. Kd2 Rxg1 33. Re5 Rd8+ 34. Kc3 Rf1 35. Ra5 Ra8 36. b4 Rf5 37. b5 Rxg5 38. a4 Rf5 39. Ra6 Rd5 40. b6 Rc8+ 41. Kb4 axb6 42. Rxb6 Rdd8 43. a5 Rb8 44. Kb5 Rxb6+ 45. axb6 g5 46. Kc6 g4 47. Kc7 Rf8 48. b7 g3 49. b8=Q Rxb8 50. Kxb8 g2 0-1

[Event "British Rapidplay"]
[Site "Peterborough"]
[Date "2025.03.02"]
[Round "10.62"]
[White "Taylor, Robert Keith"]
[Black "Pearson, Charlie"]
[Result "1-0"]
[WhiteElo "1896"]
[BlackElo "1668"]
[PlyCount "129"]
[EventDate "2025.03.01"]
[EventType "swiss (rapid)"]
[EventRounds "11"]
[EventCountry "ENG"]
[SourceTitle "BritBase"]
[Source "John Saunders"]
[SourceDate "2025.03.03"]
[SourceVersion "1"]
[SourceVersionDate "2025.03.03"]
[SourceQuality "2"]

1. e4 c5 2. Nf3 e6 3. c4 Nc6 4. Nc3 d6 5. d4 cxd4 6. Nxd4 Nf6 7. Be3 Be7 8. Be2 O-O 9. O-O Bd7 10. f4 e5 11. Nf5 Bxf5 12. exf5 Qd7 13. g4 h6 14. g5 hxg5 15. fxg5 Nh7 16. h4 Bd8 17. Ne4 Bc7 18. Bg4 Qd8 19. Qd2 Bb6 20. Rad1 Nd4 21. Kh2 a6 22. f6 g6 23. h5 Qc7 24. b3 Qc6 25. Qg2 Rad8 26. hxg6 fxg6 27. Nc3 Qxg2+ 28. Kxg2 Bc5 29. Nd5 Nf5 30. Ne7+ Kf7 31. Bxc5 dxc5 32. Bxf5 gxf5 33. Rxd8 Rxd8 34. Rxf5 Rd2+ 35. Kf1 Nf8 36. Rxe5 Rxa2 37. Nd5 Ra1+ 38. Kf2 Ra2+ 39. Ke1 Rg2 40. Re7+ Kg8 41. Rg7+ Kh8 42. Nf4 Rg4 43. Ng6+ Nxg6 44. Rxg6 Kh7 45. f7 Re4+ 46. Kd2 Rd4+ 47. Ke3 Rd8 48. Rb6 Rb8 49. Rxb7 Rxb7 50. f8=Q Rxb3+ 51. Kf4 Rb1 52. Qf7+ Kh8 53. Qh5+ Kg7 54. g6 Rf1+ 55. Ke5 Re1+ 56. Kd5 Re7 57. Kxc5 Kf6 58. Qh4+ Ke6 59. Qe4+ Kf6 60. Qc6+ Re6 61. Qxe6+ Kxe6 62. Kb6 Kf6 63. c5 Kxg6 64. c6 Kf6 65. c7 1-0

[Event "British Rapidplay"]
[Site "Peterborough"]
[Date "2025.03.02"]
[Round "10.63"]
[White "Fairhurst, Frederick"]
[Black "Middleton, Ben"]
[Result "1-0"]
[WhiteElo "1798"]
[BlackElo "1611"]
[PlyCount "125"]
[EventDate "2025.03.01"]
[EventType "swiss (rapid)"]
[EventRounds "11"]
[EventCountry "ENG"]
[SourceTitle "BritBase"]
[Source "John Saunders"]
[SourceDate "2025.03.03"]
[SourceVersion "1"]
[SourceVersionDate "2025.03.03"]
[SourceQuality "2"]

1. e4 d5 2. Nc3 d4 3. Nce2 e5 4. d3 Be6 5. f4 f6 6. Nf3 Nd7 7. f5 Bf7 8. g4 h6 9. Ng3 c6 10. Bd2 Qb6 11. Qc1 O-O-O 12. a3 g5 13. Bg2 h5 14. h3 h4 15. Ne2 c5 16. O-O Ne7 17. Kh2 Nc6 18. c3 Bd6 19. b4 Kb8 20. bxc5 Nxc5 21. Qc2 Bb3 22. Qb1 Qb5 23. c4 Qa6 24. Bb4 Ba4 25. Ra2 Ka8 26. Rb2 Rd7 27. Rc1 b6 28. Ne1 Rb8 29. Ng1 Rdd8 30. Bf3 Na5 31. Bd1 Bxd1 32. Rxd1 Na4 33. Rc2 Bxb4 34. axb4 Nc3 35. Rxc3 dxc3 36. bxa5 Qxa5 37. Qc2 b5 38. cxb5 Rxb5 39. Rb1 Rdb8 40. Rxb5 Rxb5 41. Kh1 Rb2 42. Qc1 Qa2 43. Ngf3 Qb3 44. Ng1 c2 45. Qd2 Ra2 46. Ne2 a5 47. Nc1 Qb1 48. Nxa2 Qxa2 49. Qxc2 Qf7 50. Kg2 Qb7 51. Kf3 Ka7 52. Qc5+ Qb6 53. Qxb6+ Kxb6 54. Nc2 Kc5 55. Ke3 a4 56. d4+ exd4+ 57. Kd3 Kd6 58. Kxd4 Kc6 59. e5 fxe5+ 60. Kxe5 Kd7 61. Kf6 Ke8 62. Kg7 Ke7 63. f6+ 1-0

[Event "British Rapidplay"]
[Site "Peterborough"]
[Date "2025.03.02"]
[Round "10.64"]
[White "Mordyl, Monika"]
[Black "Bowers, Francis J"]
[Result "0-1"]
[WhiteElo "1649"]
[BlackElo "1820"]
[PlyCount "140"]
[EventDate "2025.03.01"]
[EventType "swiss (rapid)"]
[EventRounds "11"]
[EventCountry "ENG"]
[SourceTitle "BritBase"]
[Source "John Saunders"]
[SourceDate "2025.03.03"]
[SourceVersion "1"]
[SourceVersionDate "2025.03.03"]
[SourceQuality "2"]

1. d4 Nf6 2. Bg5 c5 3. Bxf6 gxf6 4. Nf3 Qb6 5. b3 cxd4 6. Qxd4 Qxd4 7. Nxd4 d6 8. Nb5 Na6 9. e3 Bf5 10. Bd3 Bxd3 11. cxd3 Rc8 12. N1c3 Nb4 13. O-O Nxd3 14. Rfd1 Ne5 15. Nd5 a6 16. Na7 Rc2 17. Rdc1 Rb2 18. Nb6 Nc6 19. Nxc6 bxc6 20. Rxc6 e5 21. Nd5 Bg7 22. Rxa6 O-O 23. g3 Rd8 24. Rc1 Rd2 25. e4 Kf8 26. b4 f5 27. f3 fxe4 28. fxe4 f5 29. Nc7 Ke7 30. exf5 Bh6 31. Rc3 Rf8 32. g4 Rg8 33. h3 Bf4 34. Ne6 Bh2+ 35. Kh1 h5 36. Rc7+ Kf6 37. Rh7 hxg4 38. hxg4 Bf4 39. Raa7 Rd1+ 40. Kg2 Rxg4+ 41. Kf3 Rg3+ 42. Ke2 Rd2+ 43. Kf1 Rf3+ 44. Ke1 Kxf5 45. Nxf4 Rb2 46. Rhf7+ Ke4 47. Ne2 Re3 48. Rf2 Rxb4 49. Kd1 Rd3+ 50. Kc2 Rc4+ 51. Kb2 Ke3 52. Rh2 Rd2+ 53. Kb3 d5 54. Nc3 Rxh2 55. Nxd5+ Kd4 56. Rd7 Rc1 57. Nc3+ Kc5 58. Rd5+ Kc6 59. Rxe5 Rh3 60. Re6+ Kd7 61. Kb4 Kxe6 62. Nb5 Rb1+ 63. Ka4 Rh4+ 64. Ka3 Rh3+ 65. Ka4 Kd5 66. Ka5 Rxb5+ 67. Kxb5 Ra3 68. Kb4 Rxa2 69. Kb3 Rh2 70. Kc3 Rh4 0-1

[Event "British Rapidplay"]
[Site "Peterborough"]
[Date "2025.03.02"]
[Round "10.68"]
[White "May, David C"]
[Black "Mehrafarin, Amirabbas"]
[Result "0-1"]
[WhiteElo "1670"]
[BlackElo "1814"]
[PlyCount "92"]
[EventDate "2025.03.01"]
[EventType "swiss (rapid)"]
[EventRounds "11"]
[EventCountry "ENG"]
[SourceTitle "BritBase"]
[Source "John Saunders"]
[SourceDate "2025.03.03"]
[SourceVersion "1"]
[SourceVersionDate "2025.03.03"]
[SourceQuality "2"]

1. d4 Nf6 2. Bf4 e6 3. e3 d5 4. Nf3 Bd6 5. Bg3 Ne4 6. Nbd2 Nxg3 7. hxg3 h6 8. Bd3 b6 9. c3 Nd7 10. Qc2 Bb7 11. e4 dxe4 12. Nxe4 Be7 13. g4 Nf6 14. g5 Nxe4 15. Bxe4 Bxe4 16. Qxe4 Qd5 17. Qxd5 exd5 18. gxh6 Rxh6 19. Rxh6 gxh6 20. O-O-O O-O-O 21. Re1 Bg5+ 22. Nxg5 hxg5 23. Re5 f6 24. Rf5 Rd6 25. Kd2 Kd7 26. g4 c6 27. a4 Re6 28. f4 gxf4 29. Rxf4 Ke7 30. Rf5 a5 31. g5 Kf7 32. Rxf6+ Rxf6 33. gxf6 Kxf6 34. b4 Kf5 35. bxa5 bxa5 36. Kd3 Kf4 37. c4 Kf3 38. cxd5 cxd5 39. Kc2 Ke3 40. Kc3 Ke4 41. Kd2 Kxd4 42. Kc2 Kc4 43. Kd2 Kb4 44. Kd3 Kxa4 45. Kd4 Kb3 46. Kxd5 a4 0-1

[Event "British Rapidplay"]
[Site "Peterborough"]
[Date "2025.03.02"]
[Round "10.69"]
[White "Zajaczkowski, Marek"]
[Black "Lee, Yuk Hei"]
[Result "0-1"]
[WhiteElo "1710"]
[BlackElo "1877"]
[PlyCount "118"]
[EventDate "2025.03.01"]
[EventType "swiss (rapid)"]
[EventRounds "11"]
[EventCountry "ENG"]
[SourceTitle "BritBase"]
[Source "John Saunders"]
[SourceDate "2025.03.03"]
[SourceVersion "1"]
[SourceVersionDate "2025.03.03"]
[SourceQuality "2"]

1. e4 c5 2. Nf3 e6 3. d4 cxd4 4. c3 d5 5. exd5 Qxd5 6. Qxd4 Nf6 7. Bc4 Qxd4 8. Nxd4 Be7 9. O-O O-O 10. Bg5 a6 11. Nd2 Nbd7 12. Rfe1 b5 13. Bb3 Bb7 14. Rad1 h6 15. Bh4 Bc5 16. N2f3 Rac8 17. Nxe6 fxe6 18. Bxe6+ Kh8 19. Bxd7 Nxd7 20. Rxd7 Bxf3 21. gxf3 Rxf3 22. Re5 b4 23. cxb4 Bxb4 24. Ra7 Rf4 25. Bg3 Rf6 26. a3 Bd6 27. Rd5 Bxg3 28. hxg3 Rc2 29. b4 Rfxf2 30. Rxa6 Rg2+ 31. Kf1 Rh2 32. Kg1 Rcg2+ 33. Kf1 Rxg3 34. Rf5 Rb3 35. Kg1 Ra2 36. Ra7 Rg3+ 37. Kf1 Rh3 38. Kg1 Raxa3 39. Rxa3 Rxa3 40. Rb5 Ra2 41. Rb7 Kh7 42. b5 Rb2 43. b6 Kg6 44. Rb8 Kh5 45. b7 g5 46. Kf1 Kg4 47. Rh8 Rxb7 48. Rxh6 Kg3 49. Re6 Rb3 50. Re4 g4 51. Rc4 Rb1+ 52. Ke2 Kh3 53. Rc6 Kg2 54. Rc2 Rb3 55. Ke1+ Kg1 56. Rc5 g3 57. Rc1 g2 58. Kd2+ Kh2 59. Kc2 Rf3 0-1

[Event "British Rapidplay"]
[Site "Peterborough"]
[Date "2025.03.02"]
[Round "10.70"]
[White "Van Neerven, Yvon"]
[Black "Graff, Ben"]
[Result "0-1"]
[WhiteElo "1528"]
[BlackElo "1800"]
[PlyCount "70"]
[EventDate "2025.03.01"]
[EventType "swiss (rapid)"]
[EventRounds "11"]
[EventCountry "ENG"]
[SourceTitle "BritBase"]
[Source "John Saunders"]
[SourceDate "2025.03.03"]
[SourceVersion "1"]
[SourceVersionDate "2025.03.03"]
[SourceQuality "2"]

1. Nf3 d5 2. d4 Nf6 3. Bf4 c5 4. e3 Nc6 5. c3 Qb6 6. Qc1 Bf5 7. Nbd2 e6 8. Be2 Nh5 9. Bg3 Nxg3 10. hxg3 Rc8 11. b3 h6 12. Ne5 Nxe5 13. dxe5 Be7 14. Nf3 a6 15. Qd2 O-O 16. O-O Rfd8 17. Rac1 Qc7 18. Rfd1 Be4 19. Qe1 Bxf3 20. Bxf3 Qxe5 21. c4 Rc7 22. Qa5 Rcd7 23. Qb6 Rc8 24. Rd2 Bd8 25. Qa7 Qd6 26. cxd5 Bb6 27. Qxb6 Qxb6 28. Be4 Rcd8 29. Rdc2 exd5 30. Bd3 c4 31. bxc4 dxc4 32. Bxc4 Rd1+ 33. Rxd1 Rxd1+ 34. Kh2 Qa5 35. Bb3 Qh5# 0-1

[Event "British Rapidplay"]
[Site "Peterborough"]
[Date "2025.03.02"]
[Round "10.72"]
[White "Parikh, Naavya"]
[Black "Calvert, George"]
[Result "0-1"]
[WhiteElo "1741"]
[BlackElo "1740"]
[PlyCount "174"]
[EventDate "2025.03.01"]
[EventType "swiss (rapid)"]
[EventRounds "11"]
[EventCountry "ENG"]
[SourceTitle "BritBase"]
[Source "John Saunders"]
[SourceDate "2025.03.03"]
[SourceVersion "1"]
[SourceVersionDate "2025.03.03"]
[SourceQuality "2"]

1. e4 c5 2. Nc3 Nc6 3. Bb5 e6 4. Bxc6 bxc6 5. d3 d5 6. f4 g6 7. Nf3 Bg7 8. Bd2 Ne7 9. O-O O-O 10. Qe1 Ba6 11. e5 Qb6 12. Rb1 c4+ 13. d4 Nf5 14. Qf2 f6 15. Na4 Qc7 16. Nc5 Bc8 17. g4 Nh6 18. exf6 Nxg4 19. fxg7 Nxf2 20. gxf8=Q+ Kxf8 21. Rxf2 e5 22. fxe5 Kg8 23. Re1 Bh3 24. Ng5 Bf5 25. c3 Re8 26. Bf4 h6 27. Nf3 Kh7 28. Nh4 Bh3 29. Re3 Qc8 30. Bg3 Rf8 31. Rxf8 Qxf8 32. Rf3 Qc8 33. Re3 g5 34. Nf3 Be6 35. h4 gxh4 36. Nxh4 Qg8 37. Kg2 Qg4 38. Nxe6 Qxe6 39. Rf3 Qg4 40. Nf5 Qe4 41. Ne7 h5 42. Nf5 Qc2+ 43. Rf2 Qe4+ 44. Kh2 a6 45. Nh4 Kg7 46. Nf3 Kg6 47. Nd2 Qg4 48. Rf6+ Kg7 49. Rf4 Qe2+ 50. Rf2 Qg4 51. Nf3 Kh7 52. Kg2 Qe4 53. Kh2 Qg4 54. Kg1 Kg7 55. Kh2 Kh7 56. Nd2 h4 57. Bf4 Kh8 58. b3 cxb3 59. Nxb3 Kh7 60. Nc5 a5 61. e6 Qd1 62. Be5 Qe1 63. Rg2 h3 64. Kxh3 Qe3+ 65. Rg3 Qh6+ 66. Kg4 Qg6+ 67. Kf3 Qh5+ 68. Ke3 Qh6+ 69. Kd3 Qh1 70. Rg7+ Kh6 71. Rf7 Qd1+ 72. Ke3 Qe1+ 73. Kf4 Qf2+ 74. Kg4 Qg2+ 75. Bg3 Qe2+ 76. Rf3 Kg6 77. a4 Kh6 78. Bf4+ Kg6 79. Kg3 Qe1+ 80. Kh3 Qh1+ 81. Kg4 Qg2+ 82. Bg3 Qe2 83. Kf4 Qd2+ 84. Re3 Qd1 85. e7 Qf1+ 86. Kg4 Qf5+ 87. Kh4 Qh5# 0-1

[Event "British Rapidplay"]
[Site "Peterborough"]
[Date "2025.03.02"]
[Round "10.73"]
[White "Bramson, Mike"]
[Black "Bellano, Harry"]
[Result "1/2-1/2"]
[WhiteElo "1895"]
[BlackElo "1654"]
[PlyCount "66"]
[EventDate "2025.03.01"]
[EventType "swiss (rapid)"]
[EventRounds "11"]
[EventCountry "ENG"]
[SourceTitle "BritBase"]
[Source "John Saunders"]
[SourceDate "2025.03.03"]
[SourceVersion "1"]
[SourceVersionDate "2025.03.03"]
[SourceQuality "2"]

1. e4 e5 2. Nc3 Nc6 3. Bc4 Bc5 4. Qg4 Kf8 5. Qg3 a6 6. d3 d6 7. Nf3 Nf6 8. Bg5 h6 9. Qh4 Rg8 10. Bxf6 Qxf6 11. Nd5 Qxh4 12. Nxh4 Nd4 13. Bb3 Nxb3 14. axb3 c6 15. Ne3 Bxe3 16. fxe3 g6 17. O-O Kg7 18. Nf3 f5 19. Nd2 Be6 20. d4 Rad8 21. c4 exd4 22. exd4 fxe4 23. Nxe4 Rge8 24. Nd2 Bf5 25. Rfe1 Kf7 26. Kf2 Rd7 27. Rxe8 Kxe8 28. Re1+ Re7 29. Re3 Kf7 30. h3 Rxe3 31. Kxe3 Bc2 32. Ne4 Bxe4 33. Kxe4 Kg8 1/2-1/2

[Event "British Rapidplay"]
[Site "Peterborough"]
[Date "2025.03.02"]
[Round "10.74"]
[White "Sriram, Gautam"]
[Black "Hryshchenko, Kamila"]
[Result "0-1"]
[WhiteElo "1597"]
[BlackElo "2119"]
[PlyCount "90"]
[EventDate "2025.03.01"]
[EventType "swiss (rapid)"]
[EventRounds "11"]
[EventCountry "ENG"]
[SourceTitle "BritBase"]
[Source "John Saunders"]
[SourceDate "2025.03.03"]
[SourceVersion "1"]
[SourceVersionDate "2025.03.03"]
[SourceQuality "2"]

1. e4 d6 2. d4 g6 3. Nf3 Bg7 4. Nc3 c6 5. Bc4 e6 6. Be3 Ne7 7. O-O O-O 8. Qd2 d5 9. Bb3 Nd7 10. e5 c5 11. dxc5 Nxe5 12. Nxe5 Bxe5 13. Rad1 Nc6 14. Bf4 Qh4 15. Bxe5 Nxe5 16. Qd4 Qxd4 17. Rxd4 Bd7 18. Re1 Nc6 19. Rdd1 Rfd8 20. Ba4 Nb4 21. Bxd7 Rxd7 22. a3 Nc6 23. b4 Kg7 24. Nb5 b6 25. cxb6 axb6 26. Rd3 Na7 27. Nxa7 Rdxa7 28. Ree3 b5 29. g3 Rc7 30. Rc3 Rac8 31. Rxc7 Rxc7 32. c3 Ra7 33. Kf1 Rxa3 34. Ke2 Ra2+ 35. Kf3 Kf6 36. Rd3 Ke7 37. Ke3 Kd6 38. h4 h5 39. f4 f6 40. Kf3 e5 41. Ke3 Rc2 42. c4 bxc4 43. Ra3 d4+ 44. Ke4 f5+ 45. Kf3 e4# 0-1

[Event "British Rapidplay"]
[Site "Peterborough"]
[Date "2025.03.02"]
[Round "10.75"]
[White "Ewart, Thomas"]
[Black "Iyengar, Ilya"]
[Result "0-1"]
[WhiteElo "1701"]
[BlackElo "1979"]
[PlyCount "52"]
[EventDate "2025.03.01"]
[EventType "swiss (rapid)"]
[EventRounds "11"]
[EventCountry "ENG"]
[SourceTitle "BritBase"]
[Source "John Saunders"]
[SourceDate "2025.03.03"]
[SourceVersion "1"]
[SourceVersionDate "2025.03.03"]
[SourceQuality "2"]

1. c4 Nf6 2. Nc3 g6 3. g3 Bg7 4. h4 d6 5. Bg2 c5 6. Nd5 Nc6 7. Nxf6+ Bxf6 8. h5 Be6 9. d3 d5 10. Qb3 Nd4 11. Qd1 dxc4 12. dxc4 Bxc4 13. e3 Nc6 14. Bxc6+ bxc6 15. Qxd8+ Rxd8 16. a3 O-O 17. hxg6 hxg6 18. a4 Rd7 19. Nf3 Bd5 20. Ke2 Bc4+ 21. Ke1 Rfd8 22. Nd2 Bd3 23. Ra3 c4 24. b3 c3 25. Nc4 Bxc4 26. bxc4 Rd1+ 0-1

[Event "British Rapidplay"]
[Site "Peterborough"]
[Date "2025.03.02"]
[Round "10.76"]
[White "Kennedy, Aden"]
[Black "Strugar, Ioan-Euzeb"]
[Result "1-0"]
[WhiteElo "1913"]
[BlackElo "1659"]
[PlyCount "97"]
[EventDate "2025.03.01"]
[EventType "swiss (rapid)"]
[EventRounds "11"]
[EventCountry "ENG"]
[SourceTitle "BritBase"]
[Source "John Saunders"]
[SourceDate "2025.03.03"]
[SourceVersion "1"]
[SourceVersionDate "2025.03.03"]
[SourceQuality "2"]

1. e4 e5 2. Nf3 Nf6 3. d4 Nxe4 4. dxe5 Bc5 5. Qd5 Nxf2 6. Bc4 Qe7 7. Rf1 Ng4 8. h3 c6 9. Qxf7+ Qxf7 10. Bxf7+ Kxf7 11. hxg4 Re8 12. Bf4 Kg8 13. Nbd2 d6 14. O-O-O Bxg4 15. exd6 Nd7 16. Rde1 h6 17. Ne4 Bb6 18. a3 Bf5 19. Ng3 Be6 20. b3 a5 21. Nd2 Bd5 22. Nde4 Re6 23. Re2 Rae8 24. Rfe1 Nc5 25. Nxc5 Bxc5 26. d7 Bxa3+ 27. Kb1 Rxe2 28. dxe8=Q+ Rxe8 29. Rxe8+ Kf7 30. Rb8 c5 31. Bd2 Bxg2 32. Bxa5 c4 33. b4 c3 34. Ne2 Bb2 35. b5 g5 36. Bb4 Kg7 37. Ng3 Bf3 38. Rf8 Kg6 39. Rxf3 h5 40. Be7 g4 41. Rf6+ Kg7 42. Nxh5+ Kg8 43. Rf8+ Kh7 44. Nf4 g3 45. Rf7+ Kh8 46. Bf6+ Kg8 47. Rg7+ Kf8 48. Ne6+ Ke8 49. Re7# 1-0

[Event "British Rapidplay"]
[Site "Peterborough"]
[Date "2025.03.02"]
[Round "10.77"]
[White "Davies, Peter L"]
[Black "Ben-Eshak, Djad"]
[Result "1-0"]
[WhiteElo "1895"]
[BlackElo "1597"]
[PlyCount "55"]
[EventDate "2025.03.01"]
[EventType "swiss (rapid)"]
[EventRounds "11"]
[EventCountry "ENG"]
[SourceTitle "BritBase"]
[Source "John Saunders"]
[SourceDate "2025.03.03"]
[SourceVersion "1"]
[SourceVersionDate "2025.03.03"]
[SourceQuality "2"]

1. e4 c5 2. Nc3 d6 3. g3 Nf6 4. Bg2 Nc6 5. d3 g6 6. f4 Bg4 7. Nf3 Bxf3 8. Bxf3 Nd4 9. Bg2 Bg7 10. O-O Nd7 11. Ne2 Nc6 12. c3 Nb6 13. Be3 O-O 14. f5 Qc7 15. Qd2 Ne5 16. Rad1 Rad8 17. Bh6 Ng4 18. Bxg7 Kxg7 19. h3 Nf6 20. g4 d5 21. g5 Ng8 22. Qe3 f6 23. h4 fxg5 24. hxg5 gxf5 25. exf5 Rfe8 26. Nf4 Rd6 27. Qe5+ Kf7 28. Ne6 1-0

[Event "British Rapidplay"]
[Site "Peterborough"]
[Date "2025.03.02"]
[Round "11.2"]
[White "Vitiugov, Nikita"]
[Black "Badacsonyi, Stanley"]
[Result "1/2-1/2"]
[WhiteElo "2668"]
[BlackElo "2334"]
[PlyCount "57"]
[EventDate "2025.03.01"]
[EventType "swiss (rapid)"]
[EventRounds "11"]
[EventCountry "ENG"]
[SourceTitle "BritBase"]
[Source "John Saunders"]
[SourceDate "2025.03.03"]
[SourceVersion "1"]
[SourceVersionDate "2025.03.03"]
[SourceQuality "2"]

1. d4 Nf6 2. c4 g6 3. Nc3 Bg7 4. e4 d6 5. Nf3 O-O 6. Be2 e5 7. O-O Nc6 8. d5 Ne7 9. b4 a5 10. bxa5 Rxa5 11. a4 b6 12. Ba3 Ne8 13. Nd2 Bd7 14. Bb4 Ra8 15. Nb5 f5 16. Qc2 c5 17. Bc3 fxe4 18. Nxe4 Nf5 19. Bd3 Nd4 20. Qb2 Bf5 21. f3 Bh6 22. Be1 Rf7 23. Bf2 Bxe4 24. Bxe4 Nf6 25. Nc3 Rfa7 26. Bd3 Nh5 27. Be4 Nf6 28. Bd3 Nh5 29. Be4 1/2-1/2

[Event "British Rapidplay"]
[Site "Peterborough"]
[Date "2025.03.02"]
[Round "11.3"]
[White "Czopor, Maciej"]
[Black "Maroroa Jones, Gawain C B"]
[Result "1/2-1/2"]
[WhiteElo "2412"]
[BlackElo "2654"]
[PlyCount "87"]
[EventDate "2025.03.01"]
[EventType "swiss (rapid)"]
[EventRounds "11"]
[EventCountry "ENG"]
[SourceTitle "BritBase"]
[Source "John Saunders"]
[SourceDate "2025.03.03"]
[SourceVersion "1"]
[SourceVersionDate "2025.03.03"]
[SourceQuality "2"]

1. e4 e5 2. Nf3 Nc6 3. d4 exd4 4. Nxd4 Nf6 5. Nxc6 bxc6 6. Bd3 d5 7. exd5 cxd5 8. O-O Be7 9. c4 O-O 10. Nc3 Bg4 11. Qc2 c6 12. h3 Bh5 13. b3 Re8 14. Bb2 dxc4 15. Bxc4 Bd6 16. Rfe1 Qa5 17. Ne4 Nd5 18. Bxd5 cxd5 19. Qc3 Qxc3 20. Nxc3 Be5 21. g4 Bg6 22. Rad1 d4 23. Nb5 a6 24. Bxd4 Bc2 25. Rc1 axb5 26. Rxe5 Rxe5 27. Bxe5 Rxa2 28. b4 f6 29. Bd6 h5 30. gxh5 Kh7 31. Re1 Kh6 32. Re7 Bf5 33. Bf4+ Kxh5 34. Rxg7 Bxh3 35. Be3 Be6 36. Kg2 Rb2 37. Bc5 Bd5+ 38. Kh2 Rb1 39. Rg1 Rb2 40. Rg7 Be4 41. Kg3 Bc6 42. Kf4 Rb3 43. Rg3 Rxg3 44. fxg3 1/2-1/2

[Event "British Rapidplay"]
[Site "Peterborough"]
[Date "2025.03.02"]
[Round "11.4"]
[White "Ghasi, Ameet K"]
[Black "Slaby, Jerzy"]
[Result "1-0"]
[WhiteElo "2505"]
[BlackElo "2464"]
[PlyCount "81"]
[EventDate "2025.03.01"]
[EventType "swiss (rapid)"]
[EventRounds "11"]
[EventCountry "ENG"]
[SourceTitle "BritBase"]
[Source "John Saunders"]
[SourceDate "2025.03.03"]
[SourceVersion "1"]
[SourceVersionDate "2025.03.03"]
[SourceQuality "2"]

1. Nf3 d5 2. c4 c6 3. g3 Nf6 4. Bg2 Bg4 5. Ne5 Be6 6. cxd5 Bxd5 7. Nf3 c5 8. Nc3 Bc6 9. O-O e6 10. Qc2 Be7 11. Rd1 Nbd7 12. e4 e5 13. a4 O-O 14. d3 h6 15. Nd2 Ne8 16. Nc4 b6 17. Be3 Nc7 18. Nd5 Ne6 19. Bh3 Nd4 20. Bxd4 exd4 21. Qb3 Rb8 22. Rdc1 Nf6 23. Nf4 Kh8 24. Re1 Nh7 25. Bg2 a6 26. h4 b5 27. axb5 axb5 28. Ne5 Be8 29. Ra7 Qd6 30. Nf3 Bd8 31. e5 Qb6 32. Rea1 c4 33. Qb4 c3 34. R1a6 c2 35. Ne2 Rc8 36. Rxb6 c1=Q+ 37. Nxc1 Rxc1+ 38. Kh2 Bxb6 39. Ra8 Bc5 40. Qd2 Rb1 41. Qc2 1-0